阪神電鉄の定期の種別 - Statistics

General Stats
  • This quiz has been taken 70 times
  • The average score is 12 of 16
Answer Stats
路線名 種別名 % Correct
阪神本線 急行
100%
阪神本線 普通
100%
神戸高速線 普通
100%
阪神なんば線 普通
100%
武庫川線 普通
100%
阪神なんば線 準急
91%
阪神本線 直通特急
89%
阪神本線 快速急行
89%
神戸高速線 直通特急
89%
阪神なんば線 快速急行
89%
阪神なんば線 区間準急
75%
阪神本線 区間特急
64%
阪神本線 区間急行
59%
阪神本線 阪神特急
36%
神戸高速線 阪神特急
36%
神戸高速線 山陽S特急
23%
No matching quizzes found
Score Distribution
Percent of People with Each Score
Percentile by Number Answered
Your Score History
You have not taken this quiz